000 01696nam a2200397 c 4500
100 _aВерн, Жул
_eпърви автор
_9263632
999 _c164025
_d164025
003 BLK
005 20231220005222.0
008 180410b bul|||||r ||||||| ||bul||
010 _aKNG00171513000
040 _aBLK
041 _aBUL
_cBUL
080 _aФренска литература
_b821.133.1
_x-31
_z821.133.1-31
139 _aВерн, Жул
_bВ 50
245 1 0 _aОт Земята до Луната
_bРомани за юноши
_cЖул Верн; прев. от фр. Димитър Симидов; прев. от фр. Хенрих Левенсон; ил. Анри дьо Монто; съавт. Емил Байар; съавт. Алфонс Ньовил.
245 1 0 _aОколо Луната
250 _a2. изд
257 _aFRA
260 _aСофия
_bНар. младеж
_c1973
300 _a359 с.
_bс ил.
_c23 см
380 _aX
500 _aОриг. загл. De la Terre a la Lune ; Autour de la Lune. - 1. изд. 1957. - 50 125 тир.
700 1 _aСимидов, Димитър
_eпрев. от фр.
_9377714
700 1 _aЛевенсон, Хенрих
_eпрев. от фр.
_9332369
700 1 _aМонто, Анри дьо
_eил.
_9336207
700 1 _aБайар, Емил
_eсъавт.
_9336208
700 1 _aНьовил, Алфонс
_eсъавт.
_9382011
852 _aЦб 67747
856 4 _qpdf
856 4 _qpdf
942 _cKNG
_n0
_01
_s1
944 _aCR
_c17.02.2015
_k
_lCRON CRON
944 _aED
_c17.02.2015
_kТеодора_Стоянова
944 _aED
_c2022-07-12
_kХристина Везирева
999 _d164025